Economie politique: recueil de monographes examen des questions sociales, agricoles, manufacturieres et commerciales
Guardado en:
| Autor principal: | |
|---|---|
| Formato: | Libro |
| Lenguaje: | español |
| Publicado: |
Bruselas
Bureau du Journal des Economistes
1844
|
| Materias: | |
| Etiquetas: |
Agregar Etiqueta
Sin Etiquetas, Sea el primero en etiquetar este registro!
|
MARC
| LEADER | 00000nam a2200000 a 4500 | ||
|---|---|---|---|
| 001 | UCH8887 | ||
| 003 | CL-VaPUC | ||
| 008 | 091217e18440000BE |||||||||||||||||spa|d | ||
| 082 | 0 | 4 | |a 330 |b BUR |2 21 |
| 100 | 0 | |a Burat, Jules |e author |9 545617 | |
| 245 | 1 | 0 | |a Economie politique: recueil de monographes examen des questions sociales, agricoles, manufacturieres et commerciales |
| 300 | |a 2 t | ||
| 942 | |c BK | ||
| 945 | |d 20091217 00:00:00 |a rbrito | ||
| 260 | |a Bruselas |b Bureau du Journal des Economistes |c 1844 | ||
| 650 | 0 | |a Economía política |9 255814 | |
| 650 | 7 | |a PROBLEMAS ECONOMICOS |2 CL-VaPUC |9 386772 | |
| 650 | 0 | |a Economía |9 255568 | |
| 583 | |a last modification |c 20091217 00:00:00 |k Rodrigo Vera | ||
| 999 | |c 338968 |d 338966 | ||
| 952 | |0 0 |1 0 |4 0 |6 330_000000000000000_BUR_1844 |7 0 |8 X |9 432280 |a FDOBUD |b FDOBUD |d 2019-11-22 |i 4617592 |o 330 BUR 1844 |p 4617592 |r 2019-11-22 |w 2019-11-22 |y BK_X |k BUD | ||